000 nam a22 7a 4500
999 _c8807
_d8807
005 20200310014825.0
008 200310b xxu||||| |||| 00| 0 eng d
020 _a9781250099341
_bpaperback
040 _beng
_cAPEC Schools Library
_erda
082 _aC 158.1
_bD284l 2016
100 _aDeAngelis, Camille
245 _aLife without envy /
_cCamille DeAngelis
264 _aNew York, NY :
_bSt. Martin's Press,
_c©2016.
300 _a223 pages ;
336 _2rdacontent
_atext
337 _2rdamedia
_aunmediated
338 _2rdacarrier
_avolume
650 _aSelf-control.
650 _aSelf-management (Psychology).
942 _2ddc
_cNFIC